| 000 | 00499nam a2200169Ia 4500 | ||
|---|---|---|---|
| 999 |
_c29853 _d29853 |
||
| 003 | OSt | ||
| 005 | 20201216155714.0 | ||
| 008 | 190216s9999||||xx |||||||||||||| ||und|| | ||
| 040 | _coclc | ||
| 082 |
_a894.812 _bAYY/I |
||
| 100 |
_aAyyappapaniker, K _97323 |
||
| 245 | 0 |
_aIndian Sahithya Sidhantham / _cK Ayyappapaniker |
|
| 260 |
_bKerala Bhasha Institute, _c1999. _aTrivandrum: |
||
| 300 | _a245p | ||
| 650 | _aLekhanam | ||
| 942 |
_cBK _2ddc _h894.812 _iAYY/I _k894.812 _mAYY/I |
||